Jackie's nine : (Record no. 7802)

MARC details
000 -LEADER
fixed length control field 01208nam a22002897a 4500
001 - CONTROL NUMBER
control field 7802
003 - CONTROL NUMBER IDENTIFIER
control field FISKH
005 - DATE AND TIME OF LATEST TRANSACTION
control field 20250807144306.0
008 - FIXED-LENGTH DATA ELEMENTS--GENERAL INFORMATION
fixed length control field 250807b cb ||||| |||| 00| 0 eng d
020 ## - INTERNATIONAL STANDARD BOOK NUMBER
International Standard Book Number 9780439385503
040 ## - CATALOGING SOURCE
Original cataloging agency IMF
Transcribing agency IMF
Modifying agency WIH
-- DLC
Language of cataloging eng
050 ## - LIBRARY OF CONGRESS CALL NUMBER
Classification number PZ7
082 ## - DEWEY DECIMAL CLASSIFICATION NUMBER
Classification number GV865.R6 R594
100 1# - MAIN ENTRY--PERSONAL NAME
Personal name Robinson, Sharon
Dates associated with a name (1950-)
245 10 - TITLE STATEMENT
Title Jackie's nine :
Remainder of title Jackie Robinson's values to live by : courage, determination, teamwork, persistence, integrity, persistence [sic], commitment, excellence /
Statement of responsibility, etc. Sharon Robinson.
250 ## - EDITION STATEMENT
Edition statement This edition first published in 2002
260 ## - PUBLICATION, DISTRIBUTION, ETC.
Place of publication, distribution, etc. New York :
Name of publisher, distributor, etc. Scholastic,
Date of publication, distribution, etc. 2001.
300 ## - PHYSICAL DESCRIPTION
Extent 181 pages :
Other physical details color illustrations ;
Dimensions 23 cm.
505 ## - FORMATTED CONTENTS NOTE
Formatted contents note Z<br/>
520 ## - SUMMARY, ETC.
Summary, etc. Baseball hero Jackie Robinson's daughter discusses nine values that her father held dear, shares memories from her life and her father's that illustrate those values, and profiles individuals whom she considers heroes, including Christopher Reeve and Oprah Winfrey.<br/>
521 8# - TARGET AUDIENCE NOTE
Target audience note 1040<br/>
Source Lexile<br/>
521 8# - TARGET AUDIENCE NOTE
Target audience note Z<br/>
Source Raz-Plus<br/>
650 #0 - SUBJECT ADDED ENTRY--TOPICAL TERM
Topical term or geographic name entry element African American baseball players
Form subdivision Biography.
650 #0 - SUBJECT ADDED ENTRY--TOPICAL TERM
Topical term or geographic name entry element African Americans
Form subdivision Biography.
942 ## - ADDED ENTRY ELEMENTS (KOHA)
Source of classification or shelving scheme Dewey Decimal Classification
Koha item type Books
Suppress in OPAC No
Holdings
Withdrawn status Lost status Source of classification or shelving scheme Damaged status Not for loan Collection Home library Current library Shelving location Date acquired Total Checkouts Full call number Barcode Date last seen Copy number Price effective from Koha item type
    Dewey Decimal Classification     Juvenile Fiction Footprints International School Library Network Toul Tom Poung Campus Footprints International School Library Network Toul Tom Poung Campus TTP Secondary Fiction Bookshelves 08/07/2025   ROB 796.357092 GV865.R6 R594 FISSE01350 08/07/2025 1 08/07/2025 Books